[Event "HUN-chT2 Breyer 2122"]
[Site "Hungary"]
[Date "2022.01.30"]
[Round "5.10"]
[White "Kramar, David"]
[Black "Berecz, Lajos"]
[Result "1-0"]
[WhiteElo "1652"]
[BlackElo "1446"]
[PlyCount "119"]
[EventDate "2021.10.10"]
[EventType "team-tourn"]
[EventRounds "9"]
[EventCountry "HUN"]
[SourceTitle "EXT 2025"]
[Source "ChessBase"]
[SourceDate "2024.10.14"]
[SourceVersion "1"]
[SourceVersionDate "2024.10.14"]
[SourceQuality "1"]
[WhiteTeam "Naszaly Geniusz Tata"]
[BlackTeam "Fehervar"]
[WhiteTeamCountry "HUN"]
[BlackTeamCountry "HUN"]

1. e4 e5 2. Nf3 Nf6 3. Nxe5 Nc6 4. Nxc6 dxc6 5. d3 Bc5 6. Be2 h5 7. c3 Ng4 8. d4 Bb6 9. h3 Nf6 10. Bg5 Qd7 11. Bxf6 gxf6 12. Nd2 f5 13. Bxh5 fxe4 14. Qe2 Qf5 15. Qxe4+ Qxe4+ 16. Nxe4 Bf5 17. Bf3 0-0-0 18. 0-0-0 Rh4 19. Ng3 Be6 20. b3 a5 21. Rhe1 a4 22. Kb2 axb3 23. axb3 Kb8 24. Re4 Rdh8 25. Rxh4 Rxh4 26. Re1 Kc8 27. Re4 Rxe4 28. Bxe4 Kd8 29. Bf5 Bd5 30. f3 c5 31. c4 Be6 32. d5 Bd7 33. Kc3 Ba5+ 34. Kd3 Be1 35. Bxd7 Bxg3 36. Bg4 c6 37. dxc6 bxc6 38. Ke4 Ke7 39. f4 Be1 40. Kf5 Bh4 41. Bf3 Kd6 42. g4 Be1 43. Kf6 Bg3 44. f5 Bh4+ 45. g5 Kd7 46. Bh5 Ke8 47. Bxf7+ Kf8 48. Bh5 Be1 49. g6 Bc3+ 50. Ke6 Kg7 51. Bf3 Bd4 52. h4 Bc3 53. h5 Bd4 54. h6+ Kxh6 55. Kf7 Bc3 56. f6 Bxf6 57. Bxc6 Bc3 58. Be4 Bd4 59. b4 cxb4 60. c5 1-0

[Event "Gyor Amateur op 20th"]
[Site "Gyor"]
[Date "2021.06.06"]
[Round "5"]
[White "Toth, Barnabas1"]
[Black "Kramar, David"]
[Result "0-1"]
[WhiteElo "1579"]
[BlackElo "1386"]
[PlyCount "72"]
[EventDate "2021.06.05"]
[EventType "swiss"]
[EventRounds "5"]
[EventCountry "HUN"]
[SourceTitle "EXT 2025"]
[Source "ChessBase"]
[SourceDate "2024.10.14"]
[SourceVersion "1"]
[SourceVersionDate "2024.10.14"]
[SourceQuality "1"]

1. e4 c5 2. d4 cxd4 3. c3 d3 4. c4 g6 5. Bxd3 Bg7 6. Nf3 Nc6 7. 0-0 d6 8. Nc3 Nf6 9. h3 0-0 10. Be3 Nd7 11. Be2 Nc5 12. Nd4 Bd7 13. h4 h5 14. Qd2 a5 15. f3 Bf6 16. g3 Qc8 17. Nd5 Ra6 18. Nxc6 Bxc6 19. Nxf6+ exf6 20. Kh2 Re8 21. Bh6 Kh7 22. Bf4 Qe6 23. Bd3 Nd7 24. c5 b5 25. cxd6 Ne5 26. a4 Rb8 27. axb5 Bxb5 28. Bxb5 Rxb5 29. Bxe5 Qxe5 30. d7 Rd6 31. d8Q Rxd8 32. Qxd8 Rxb2+ 33. Kh3 Qe6+ 34. g4 Qe5 35. Rh1 hxg4+ 36. Kxg4 Rg2+ 0-1

[Event "Gyor Amateur op 20th"]
[Site "Gyor"]
[Date "2021.06.05"]
[Round "3"]
[White "Kramar, David"]
[Black "Szarka, Tibor"]
[Result "1-0"]
[WhiteElo "1386"]
[BlackElo "1508"]
[PlyCount "91"]
[EventDate "2021.06.05"]
[EventType "swiss"]
[EventRounds "5"]
[EventCountry "HUN"]
[SourceTitle "EXT 2025"]
[Source "ChessBase"]
[SourceDate "2024.10.14"]
[SourceVersion "1"]
[SourceVersionDate "2024.10.14"]
[SourceQuality "1"]

1. e4 d6 2. d4 Nf6 3. Nc3 Nbd7 4. Nf3 e5 5. Be3 Be7 6. Bc4 c6 7. a4 Qc7 8. 0-0 0-0 9. h3 b6 10. d5 Bb7 11. dxc6 Bxc6 12. Bg5 h6 13. Bh4 Nc5 14. Bxf6 Bxf6 15. Bd5 Ne6 16. Nb5 Bxb5 17. axb5 Rac8 18. c4 Nf4 19. Bc6 Ng6 20. b3 Ne7 21. Bd5 Rfd8 22. Ne1 Rd7 23. Nc2 Nxd5 24. Qxd5 Qc5 25. Rfd1 Rcc7 26. Ra4 Qxd5 27. Rxd5 Bg5 28. Nb4 Bc1 29. Rd1 Bb2 30. Nc6 g6 31. Rd2 Bc3 32. Rd3 Bb2 33. Ra2 Bd4 34. Nxd4 exd4 35. Rxd4 Kf8 36. f3 f5 37. exf5 gxf5 38. Rad2 Ke7 39. Rh4 d5 40. Rxh6 Rc5 41. Rh7+ Kd8 42. Rxd7+ Kxd7 43. Rxd5+ Rxd5 44. cxd5 Kd6 45. h4 f4 46. h5 1-0